[Event "AUT Bundesliga 2021-22"]
[Site "Graz"]
[Date "2022.04.23"]
[Round "11.33"]
[White "Vitouch, Anatol"]
[Black "Handler, Lukas"]
[Result "1/2-1/2"]
[WhiteElo "2245"]
[BlackElo "2436"]
[Annotator "TA"]
[PlyCount "156"]
[EventDate "2021.01.17"]
[EventType "team-tourn"]
[EventCountry "AUT"]
[SourceTitle "playchess.com"]
[Source "ChessBase"]
[SourceQuality "1"]
[TimeControl "40/5400+30:1800+30"]

{[%evp 12,156,4,14,18,4,18,0,0,-34,-31,-33,-30,-27,-23,-22,-24,-37,-42,-23,-29,-38,-44,-40,-46,-55,-49,-55,-55,-56,-55,-51,-49,-56,-60,-70,-47,-139,-74,-95,-93,-91,-57,-52,-52,-52,-47,-47,-50,-54,-47,-59,-38,-50,-46,-42,-37,-32,55,-11,8,-46,-8,-10,2,-25,-18,-46,-46,-61,-25,-55,-39,-64,-56,-57,-56,-56,-58,-49,-17,-17,-8,-14,-2,-7,-20,-55,-13,-22,0,0,0,-22,0,-44,-15,-22,-22,-43,-22,-43,-43,-44,-22,-36,-30,-42,-21,-33,-17,-42,-43,-45,-18,-27,-42,-44,-27,-29,-29,-35,-14,-39,-36,-411,0,0,0,0,0,0,0,0,0,-92,-93,-92,0,0,0,0,0,0,0,0,2]} 1. c4 {[%emt 0:00:02]} c6 {[%emt 0:00:06]} 2. Nf3 {[%emt 0:00:09]} d5 {[%emt 0:00:06]} 3. g3 {[%emt 0:00:08]} Nf6 {[%emt 0:00:13]} 4. Bg2 {[%emt 0:00:06]} dxc4 {[%emt 0:00:05]} 5. O-O {[%emt 0:00:07]} Nbd7 {[%emt 0:00:09]} 6. Na3 {[%emt 0:00:51]} Nb6 {[%emt 0:00:28]} 7. Qc2 {[%emt 0:00:35]} Be6 {[%emt 0:00:43] A11: English Opening: 1...c6.} 8. Ng5 {[%emt 0:07:27]} Qd7 {[%emt 0:00:37]} (8... Bg4 {looks sharper.} 9. Nxc4 Bxe2 10. Ne5 Bh5) 9. Nxe6 {[%emt 0:01:09]} Qxe6 {[%emt 0:00:24]} 10. Re1 {[%emt 0:01:49]} g6 {[%emt 0:04:32]} 11. b3 {[%emt 0:01:13]} cxb3 {[%emt 0:00:39]} 12. axb3 {[%emt 0:00:06]} Bg7 {[%emt 0:00:33]} 13. Bb2 {[%emt 0:00:14]} O-O {[%emt 0:00:41]} 14. Nc4 {[%emt 0:00:23]} Rfd8 {[%emt 0:04:13]} 15. d4 {[%emt 0:15:47] [#]} Ne8 $146 {[%emt 0:01:49]} ({Predecessor:} 15... Nfd5 16. e3 Nb4 17. Qe2 Nxc4 18. bxc4 Qd7 19. Reb1 a5 20. c5 e5 21. dxe5 Qf5 {1-0 (45) Moujan,P (1768)-Bradney,R (1897) ICCF email 2018}) 16. e3 {[%emt 0:04:32]} Nd6 {[%emt 0:03:27][%cal Rb6c4]} 17. Rec1 {[%emt 0:07:17]} Qd7 {[%emt 0:13:36]} 18. Ra5 {[%emt 0:14:30]} Nb5 {[%emt 0:07:49]} 19. Raa1 {[%emt 0:14:06]} Rac8 {[%emt 0:04:55]} 20. Rd1 {[%emt 0:06:05]} e6 {[%emt 0:06:32]} 21. Rac1 {[%emt 0:01:32]} Qe7 {[%emt 0:05:30]} 22. Na5 {[%emt 0:04:20]} Rd7 {[%emt 0:08:54]} 23. Qe2 {[%emt 0:00:38]} a6 {[%emt 0:04:48]} 24. Rc5 {[%emt 0:06:53]} (24. Nc4 $15 Qd8 25. h4) 24... Qd8 {[%emt 0:03:29]} (24... e5 $142 {[%cal Re5d4]} 25. Nc4 Nxc4 26. Qxc4 Re8) 25. Rdc1 {[%emt 0:01:40]} Nd5 {[%emt 0:02:54]} 26. Qe1 {[%emt 0:01:11]} Ne7 {[%emt 0:06:05]} 27. R5c2 {[%emt 0:01:47]} h5 {[%emt 0:02:22]} 28. b4 {[%emt 0:00:39]} Nd6 {[%emt 0:04:58]} 29. Nb3 {[%emt 0:00:51]} Qb6 {[%emt 0:01:47]} 30. Nc5 {[%emt 0:00:25]} Rdd8 {[%emt 0:00:09]} 31. Nd3 {[%emt 0:04:15]} Ndf5 {[%emt 0:01:50]} 32. Rc5 {[%emt 0:01:16]} Qa7 {[%emt 0:00:53]} 33. Qe2 {[%emt 0:01:53]} Rd7 {[%emt 0:01:42]} 34. h4 {[%emt 0:00:31]} Rdc7 {[%emt 0:00:51]} (34... Rcd8 $15) 35. Ne5 {[%emt 0:00:36]} ({Better is} 35. g4 $1 $14) 35... Rd8 {[%emt 0:05:18]} 36. Qc2 {[%emt 0:00:52]} (36. g4 $11 hxg4 37. Qxg4) 36... Rcc8 {[%emt 0:00:27]} 37. Qb3 {[%emt 0:00:27]} Nd6 {[%emt 0:01:55]} 38. Bh3 {[%emt 0:01:01][%cal Oh3e6]} Nd5 {[%emt 0:02:03]} 39. Nd3 {[%emt 0:01:27]} Qb6 {[%emt 0:01:24]} 40. Bg2 {[%emt 0:00:00]} Ra8 {[%emt 0:00:00]} 41. Ra1 {[%emt 0:14:56] Inhibits a5.} Nb5 {[%emt 0:03:04]} 42. Bh3 {[%emt 0:01:40]} a5 {[%emt 0:06:26]} 43. bxa5 {[%emt 0:00:51]} Rxa5 {[%emt 0:00:05]} 44. Rxa5 {[%emt 0:01:13]} Qxa5 {[%emt 0:00:06]} 45. Rc1 {[%emt 0:05:35]} Qa8 {[%emt 0:02:20]} 46. Nc5 {[%emt 0:00:26]} Qb8 {[%emt 0:02:42]} 47. Bf1 {[%emt 0:01:22]} Ndc7 {[%emt 0:02:02]} 48. Bc4 {[%emt 0:02:43]} Nd6 {[%emt 0:01:24]} 49. Be2 {[%emt 0:00:43]} Kh8 {[%emt 0:01:53]} 50. Kg2 {[%emt 0:00:10]} Qc8 {[%emt 0:01:15]} 51. Bc3 {[%emt 0:01:20]} Re8 {[%emt 0:00:50]} 52. Nd3 {[%emt 0:00:49]} Kg8 {[%emt 0:01:01]} 53. Bf3 {[%emt 0:00:30]} (53. Bb4 $5 {[%cal Rb4d6]} Ndb5 54. Nc5 $11) 53... Ncb5 {[%emt 0:00:32]} 54. Bb2 {[%emt 0:00:36]} (54. Bb4 {keeps more tension.} e5 55. dxe5 Bxe5 56. Rd1) 54... Qd7 {[%emt 0:01:19]} 55. Rd1 {[%emt 0:00:49]} Rd8 {[%emt 0:00:58]} 56. Nf4 {[%emt 0:01:01]} Qe8 {[%emt 0:00:50]} 57. Nd3 {[%emt 0:01:29]} Nf5 {[%emt 0:00:25]} 58. Nc5 {[%emt 0:00:30]} Qe7 {[%emt 0:00:29]} 59. Rc1 {[%emt 0:00:23]} Rb8 {[%emt 0:01:49]} 60. Be2 {[%emt 0:00:14]} Nbd6 {[%emt 0:01:56]} 61. Qb6 {[%emt 0:01:16]} Qd8 {[%emt 0:01:21]} 62. Qb3 {[%emt 0:00:30]} Kh7 {[%emt 0:01:10]} 63. Bf3 {[%emt 0:00:15]} Ne7 {[%emt 0:00:58]} 64. Qc2 {[%emt 0:00:41]} Ndf5 {[%emt 0:00:46]} 65. Nd3 {[%emt 0:00:32]} Rc8 {[%emt 0:00:57]} 66. Qb3 {[%emt 0:00:25]} b6 {[%emt 0:00:49]} 67. Ba3 {[%emt 0:00:48]} Nd5 {[%emt 0:00:40][%cal Of5e3]} 68. Nb4 $2 {[%emt 0:01:49][%mdl 8192] [#]} (68. Bb2 $15) 68... Nxb4 $2 {[%emt 0:01:45]} ({Black should play} 68... Ndxe3+ $1 $19 {[%mdl 512]} 69. Kg1 (69. fxe3 $2 Qc7 $19) 69... c5 $1 70. dxc5 Rxc5 $1) 69. Bxb4 $11 {[%emt 0:00:05]} c5 {[%emt 0:02:48]} 70. dxc5 {[%emt 0:00:09]} bxc5 {[%emt 0:00:06]} 71. Rxc5 {[%emt 0:00:31]} Rb8 {[%emt 0:00:40] aiming for ...Qb6.} 72. Rc4 {[%emt 0:01:16]} Bf8 {[%emt 0:00:48] Strongly threatening ...Qb6.} 73. Qc3 {[%emt 0:00:24]} (73. Ba5 $11 {keeps the balance.}) 73... Bxb4 $17 {[%emt 0:00:47]} 74. Rxb4 {[%emt 0:00:05] [#]} Rxb4 {[%emt 0:00:34]} (74... Nxe3+ $1 $17 75. Kg1 {[#]} (75. fxe3 $2 Qa5 $19) 75... Qa5 $1) 75. Qxb4 $11 {[%emt 0:00:04] The position is equal.} Qf6 {[%emt 0:00:07]} 76. Qf4 {[%emt 0:00:51]} Kg7 {[%emt 0:00:45]} 77. Be4 {[%emt 0:00:29]} e5 {[%emt 0:00:47]} 78. Qf3 {[%emt 0:00:25]} Nd6 {[%emt 0:01:32] Weighted Error Value: White=0.14 (very precise) /Black=0.13 (very precise)} 1/2-1/2

[Event "AUT Bundesliga 2021-22"]
[Site "Graz"]
[Date "2022.04.23"]
[Round "11.34"]
[White "Kreisl, Robert"]
[Black "Lovrinovic, Christian"]
[Result "1/2-1/2"]
[WhiteElo "2397"]
[BlackElo "2117"]
[Annotator "TA"]
[PlyCount "79"]
[EventDate "2021.01.17"]
[EventType "team-tourn"]
[EventCountry "AUT"]
[SourceTitle "playchess.com"]
[Source "ChessBase"]
[SourceQuality "1"]
[TimeControl "40/5400+30:1800+30"]

{[%evp 11,79,0,0,7,4,0,30,13,39,-25,-22,-16,-20,-10,-6,-55,-50,-45,-49,-75,32,-35,-23,-47,-53,-56,-46,-56,-43,-47,-39,-21,-36,-88,-65,-89,-30,-44,-23,-43,-44,-46,-33,-29,-32,-97,-108,-112,-46,-56,-25,-26,0,0,0,0,0,0,0,0,0,0,0,0,0,0,0,0,0,0]} 1. Nf3 {[%emt 0:00:02]} Nf6 {[%emt 0:00:05]} 2. g3 {[%emt 0:00:02]} g6 {[%emt 0:00:35]} 3. Bg2 {[%emt 0:00:03]} Bg7 {[%emt 0:00:02]} 4. O-O {[%emt 0:00:05]} O-O {[%emt 0:01:32]} 5. d4 {[%emt 0:00:02]} d5 {[%emt 0:03:05]} 6. c3 {[%emt 0:08:58]} c6 {[%emt 0:01:24]} 7. a4 {[%emt 0:00:20] D02: 1 d4 d5 2 Nf3 sidelines, including 2...Nf6 3 g3 and 2...Nf6 3 Bf4.} Ne4 {[%emt 0:09:47]} 8. a5 {[%emt 0:07:42]} Nd7 {[%emt 0:03:15]} 9. Bf4 {[%emt 0:01:03] [#] White has an edge.} f6 $146 {[%emt 0:11:42]} ({Predecessor:} 9... h6 10. h4 f6 11. Nbd2 e5 12. Be3 f5 13. Nxe5 Nxe5 14. dxe5 Kh7 15. Nxe4 fxe4 {0-1 (34) Freier,W (1935)-Zucker,S (1797) Hannover 2012}) 10. Qc1 {[%emt 0:19:26]} (10. c4 $14) 10... e5 $11 {[%emt 0:09:01]} 11. Bh6 {[%emt 0:03:49]} Nd6 {[%emt 0:10:38]} 12. Bxg7 {[%emt 0:00:58]} Kxg7 {[%emt 0:00:42]} 13. Nbd2 {[%emt 0:15:54]} (13. Nfd2 $11) 13... e4 $15 {[%emt 0:01:39]} 14. Ne1 {[%emt 0:00:03]} f5 {[%emt 0:11:40]} 15. f4 {[%emt 0:01:02]} exf3 {[%emt 0:00:38]} (15... h5 $17) 16. Bxf3 {[%emt 0:10:46]} (16. exf3 $14 b6 17. Nd3) 16... Qe7 {[%emt 0:09:49]} 17. Ng2 {[%emt 0:00:22]} g5 {[%emt 0:01:06]} 18. e3 {[%emt 0:00:32]} Nf6 {[%emt 0:02:54]} 19. c4 {[%emt 0:00:10]} dxc4 {[%emt 0:01:35]} 20. Nxc4 {[%emt 0:00:11]} Nxc4 {[%emt 0:00:05]} 21. Qxc4 {[%emt 0:00:04][%cal Oa5a6]} Be6 {[%emt 0:00:08]} 22. Qc2 {[%emt 0:01:25]} (22. Qc1 $15) 22... a6 $17 {[%emt 0:07:33]} 23. Rae1 {[%emt 0:01:48]} Qb4 {[%emt 0:01:11]} ({Black should try} 23... Rae8 $17) 24. Qc3 $11 {[%emt 0:01:17]} Nd5 {[%emt 0:02:44]} 25. Qxb4 {[%emt 0:12:56]} Nxb4 {[%emt 0:00:01]} 26. Rc1 {[%emt 0:02:35][%cal Be1c1,Bc1c3,Bc3e3,Be3e7][%mdl 32]} Rad8 {[%emt 0:01:31]} 27. Ne1 {[%emt 0:01:31]} f4 {[%emt 0:04:23]} 28. gxf4 {[%emt 0:02:40]} (28. Rc5 $15 h6 29. exf4) 28... gxf4 $17 {[%emt 0:00:01]} 29. Rc3 {[%emt 0:02:12]} fxe3 {[%emt 0:03:38]} (29... Nd5 $17 30. Bxd5 Rxd5) 30. Rxe3 $15 {[%emt 0:00:04]} Bc4 {[%emt 0:00:17]} 31. Be2 {[%emt 0:02:02]} Rxf1+ {[%emt 0:00:53]} 32. Bxf1 {[%emt 0:00:14] The position is equal.} Bxf1 {[%emt 0:00:11]} 33. Kxf1 {[%emt 0:00:06]} Rxd4 $11 {[%emt 0:00:56][%mdl 4096] Endgame KRN-KRN} 34. Re7+ {[%emt 0:00:05]} Kg6 {[%emt 0:00:11]} 35. Rxb7 h6 36. Nf3 {[%emt 0:02:42]} Re4 {[%emt 0:00:13]} 37. Nd2 {[%emt 0:01:10]} Rh4 {[%emt 0:01:08]} 38. Nf3 {[%emt 0:00:10]} Re4 {[%emt 0:00:04]} 39. Nd2 {[%emt 0:02:18]} Rh4 {[%emt 0:00:01]} 40. Nf3 {[%emt 0:00:00] Weighted Error Value: White=0.17 (very precise) /Black=0.15 (very precise)} 1/2-1/2

[Event "AUT Bundesliga 2021-22"]
[Site "Graz"]
[Date "2022.04.23"]
[Round "11.35"]
[White "Gschiel, Alexander"]
[Black "Buhmann, Rainer"]
[Result "1-0"]
[WhiteElo "2109"]
[BlackElo "2569"]
[Annotator "TA"]
[PlyCount "99"]
[EventDate "2021.01.17"]
[EventType "team-tourn"]
[EventCountry "AUT"]
[SourceTitle "playchess.com"]
[Source "ChessBase"]
[SourceQuality "1"]
[TimeControl "40/5400+30:1800+30"]

{[%evp 12,99,-8,-13,0,-11,0,0,30,-4,-6,-1,-8,-7,0,-1,0,0,-6,-2,-4,-42,-32,-45,-22,-28,-29,-191,-190,-163,3,5,182,178,175,159,176,183,177,173,520,244,289,285,287,280,265,264,318,305,339,326,341,338,345,345,341,329,299,75,78,-127,343,333,314,282,314,304,286,300,295,282,318,312,385,378,361,308,429,422,421,398,405,405,600,600,760,750,695,688]} 1. d4 {[%emt 0:00:06]} Nf6 {[%emt 0:00:10]} 2. Nf3 {[%emt 0:00:13]} e6 {[%emt 0:00:07]} 3. g3 {[%emt 0:00:10]} b5 {[%emt 0:01:17]} 4. Bg2 {[%emt 0:00:49]} Bb7 {[%emt 0:00:07]} 5. O-O {[%emt 0:01:40]} Be7 {[%emt 0:01:35]} 6. a4 {[%emt 0:02:12]} b4 {[%emt 0:01:21]} 7. c4 {[%emt 0:02:05]} O-O {[%emt 0:01:16] A46: 1 d4 Nf6 2 Nf3 e6: Torre, London and Colle Systems.} 8. Nbd2 {[%emt 0:04:52]} d6 {[%emt 0:06:48][%cal Bd7d6,Bd6d5][%mdl 32]} 9. Qc2 {[%emt 0:02:38]} Nbd7 {[%emt 0:15:46] [#] The position is equal.} 10. b3 $146 {[%emt 0:10:43]} ({Predecessor:} 10. e4 e5 11. d5 c6 12. Nh4 g6 13. Ndf3 Nc5 14. Bh6 Re8 15. Rfe1 b3 16. Qb1 {0-1 (37) Glavinac,G (2065)-Saraci,N (2383) Ohrid 2019}) 10... c5 {[%emt 0:03:48]} 11. e3 {[%emt 0:03:08]} Rc8 {[%emt 0:02:18]} 12. Bb2 {[%emt 0:04:39]} d5 {[%emt 0:17:51]} 13. Rfd1 {[%emt 0:06:57]} Qc7 {[%emt 0:05:22]} 14. Rac1 {[%emt 0:06:36]} Qb8 {[%emt 0:01:13]} 15. dxc5 {[%emt 0:04:04]} Nxc5 {[%emt 0:02:45]} 16. Nd4 {[%emt 0:03:07]} Rfd8 {[%emt 0:03:57]} 17. cxd5 {[%emt 0:04:04]} Nxd5 {[%emt 0:01:27][%cal Oc5a4] And now ...Nxa4! would win.} 18. Nc4 {[%emt 0:02:41][%cal Bd2c4,Bc4d6,Bd6c8,Bc8e7][%mdl 32]} Bf6 {[%emt 0:08:31]} 19. Nb5 $2 {[%emt 0:08:19]} (19. e4 $11 {and White stays safe.} Nb6 20. Nb5 Rxd1+ 21. Qxd1) 19... Bxb2 $1 $19 {[%emt 0:08:55]} 20. Qxb2 {[%emt 0:00:52][%cal Oc4d6]} Ba6 $2 {[%emt 0:04:47]} (20... a6 $1 $19 {[%cal Ra6b5]} 21. Nbd6 Nc3) 21. Ncd6 $11 {[%emt 0:07:17]} Nc3 $2 {[%emt 0:05:03]} ({Don't play} 21... Rxd6 22. Nxd6 Qxd6 23. e4 $16) (21... Bxb5 $11 22. Nxc8 (22. Nxb5 a6 $11) 22... Nd3 23. Rxd3 Bxd3) 22. Nxc8 $40 {[%emt 0:04:25][%cal Rd1d8][%mdl 128] White attacks with force.} Nxd1 {[%emt 0:00:54]} (22... Rxd1+ $2 23. Rxd1 Qxc8 24. Nxc3 $18) 23. Ne7+ {[%emt 0:00:22]} Kf8 {[%emt 0:01:08]} 24. Qc2 {[%emt 0:00:28]} Bxb5 {[%emt 0:03:16]} 25. Qxc5 {[%emt 0:10:46] aiming for Nc6+.} Nc3 $2 {[%emt 0:02:06]} (25... Qd6 {is a better chance.}) 26. axb5 {[%emt 0:02:47]} (26. Nd5+ $142 Qd6 27. Qxd6+ Rxd6 28. Nxc3) 26... Qd6 {[%emt 0:00:48]} 27. Qxd6 {[%emt 0:03:49]} Rxd6 {[%emt 0:00:01] [#]} 28. Ra1 $1 {[%emt 0:00:24]} Kxe7 {[%emt 0:00:19]} 29. Rxa7+ {[%emt 0:00:05][%mdl 4096] Endgame KRB-KRN} Kf6 {[%emt 0:00:50]} 30. Bc6 {[%emt 0:00:30]} Ne2+ {[%emt 0:00:39]} 31. Kg2 {[%emt 0:01:48]} Nc1 {[%emt 0:00:05]} 32. Rc7 {[%emt 0:01:35]} Nxb3 {[%emt 0:00:04]} 33. b6 $1 {[%emt 0:00:08][%cal Bb5b6,Bb6b7][%mdl 32] Hoping for b7.} Nc5 {[%emt 0:00:58]} (33... Na5 $2 34. b7 $1 Nxb7 35. Bxb7 $18) 34. b7 {[%emt 0:01:52]} Na6 {[%emt 0:00:34]} 35. Bb5 $2 {[%emt 0:00:36]} Nb8 $16 {[%emt 0:00:13]} 36. Rc8 $2 {[%emt 0:00:10] [#] &Bianco is more active.} (36. Be8 $16 {Strongly threatening f4.} b3 37. Rxf7+ Ke5 38. Ba4 (38. Rxg7 b2 $14)) 36... b3 $1 {[%emt 0:00:07][%mdl 8192]} 37. Rxb8 $18 {[%emt 0:00:52] KRB-KR} b2 {[%emt 0:00:51]} 38. Rf8 {[%emt 0:00:32]} Rb6 {[%emt 0:01:36]} 39. Bd3 {[%emt 0:00:34]} (39. b8=R $2 Rxb8 40. Rxb8 b1=Q $19) 39... Rxb7 {[%emt 0:00:04] [#]} 40. Bb1 $1 {[%emt 0:00:00]} h5 {[%emt 0:00:00]} 41. Kf3 {[%emt 0:01:40]} g5 {[%emt 0:05:31]} 42. h3 {[%emt 0:01:53]} Rb4 {[%emt 0:05:18]} 43. Ke2 {[%emt 0:02:16]} Kg7 {[%emt 0:02:51]} 44. Ra8 {[%emt 0:01:18]} h4 {[%emt 0:04:51]} 45. g4 {[%emt 0:02:59]} Rb5 {[%emt 0:01:35]} 46. Kd2 {[%emt 0:02:34]} f5 {[%emt 0:00:50]} 47. f3 {[%emt 0:00:44]} Kf6 {[%emt 0:08:30]} (47... fxg4 $142 48. fxg4 Kf6) 48. gxf5 {[%emt 0:02:12] White is clearly winning.} exf5 {[%emt 0:00:06]} 49. Rf8+ {[%emt 0:00:12]} Ke6 {[%emt 0:04:55] [#]} 50. Rxf5 $1 {[%emt 0:00:19][%mdl 512] Weighted Error Value: White=0.33/Black=0.49} 1-0

[Event "AUT Bundesliga 2021-22"]
[Site "Graz"]
[Date "2022.04.23"]
[Round "11.36"]
[White "Halvax, Georg"]
[Black "Horvath, Maria"]
[Result "1-0"]
[WhiteElo "2405"]
[BlackElo "1989"]
[Annotator "TA"]
[PlyCount "73"]
[EventDate "2021.01.17"]
[EventType "team-tourn"]
[EventCountry "AUT"]
[SourceTitle "playchess.com"]
[Source "ChessBase"]
[SourceQuality "1"]
[TimeControl "40/5400+30:1800+30"]

{[%evp 22,73,29,22,39,27,23,0,-2,-3,11,13,59,48,56,33,39,46,83,85,89,52,97,107,134,114,241,224,230,173,173,176,167,163,167,165,441,424,416,413,568,562,543,524,518,511,491,425,891,849,846,797,732,694]} 1. d4 {[%emt 0:00:04]} d5 {[%emt 0:00:09]} 2. Nf3 {[%emt 0:00:10]} e6 {[%emt 0:00:18]} 3. c4 {[%emt 0:01:13]} a6 {[%emt 0:01:23]} 4. cxd5 {[%emt 0:00:12]} exd5 {[%emt 0:00:13]} 5. Nc3 {[%emt 0:00:39]} Nf6 {[%emt 0:02:03]} 6. Bg5 {[%emt 0:00:18]} Be7 {[%emt 0:00:16]} 7. e3 {[%emt 0:00:35]} h6 {[%emt 0:01:01]} 8. Bh4 {[%emt 0:00:25]} c6 {[%emt 0:06:58]} 9. Qc2 {[%emt 0:01:26]} Nbd7 {[%emt 0:00:18]} 10. Bd3 {[%emt 0:00:38]} O-O {[%emt 0:00:10]} 11. O-O {[%emt 0:03:02]} Re8 {[%emt 0:03:53]} 12. Bg3 {[%emt 0:02:00]} Nf8 {[%emt 0:07:12] D36: Queen's Gambit Declined: Exchange Variation: Main line (5 Bg5 c6 6 Qc2).} 13. Rab1 {[%emt 0:01:30]} Nh5 {[%emt 0:06:04]} 14. b4 {[%emt 0:04:58]} Nxg3 {[%emt 0:00:32] The position is equal.} 15. hxg3 {[%emt 0:00:12] [#]} h5 $146 {[%emt 0:16:23]} ({Predecessor:} 15... Bd6 16. e4 dxe4 17. Nxe4 Bc7 18. Rfe1 Nd7 19. Bc4 Nb6 20. Nf6+ gxf6 21. Qg6+ Kh8 22. Qxh6+ {1-0 (29) Pierbattisti,G-Pieraccini,C Viareggio 1996}) 16. a4 {[%emt 0:02:12]} h4 {[%emt 0:00:09]} (16... Be6 $11 {is more appropriate.}) 17. gxh4 $14 {[%emt 0:00:20]} Bxh4 {[%emt 0:00:05]} 18. b5 {[%emt 0:00:36]} axb5 {[%emt 0:00:28]} 19. axb5 {[%emt 0:00:11]} Re6 {[%emt 0:05:48]} 20. bxc6 {[%emt 0:04:03]} bxc6 {[%emt 0:00:14]} 21. Ra1 {[%emt 0:06:03]} ({Of course not} 21. Nxh4 $6 Qxh4 22. g3 Qh5 $11) 21... Rxa1 {[%emt 0:04:52]} 22. Rxa1 {[%emt 0:00:17][%cal Bf1a1,Ba1a8,Ba8b8][%mdl 32] And now Ra8 would win.} Rh6 {[%emt 0:00:30]} 23. Ra8 {[%emt 0:01:05][%cal Oc3d5] &Bianco is more active.} Qd7 {[%emt 0:11:32] Black cannot hold the game after this.} (23... Be7 $16 24. e4 dxe4 25. Nxe4 (25. Bxe4 Bd6 $16) 25... Qd7) 24. Qb1 {[%emt 0:03:07]} Qc7 {[%emt 0:10:21]} 25. Qb8 {[%emt 0:00:41]} Qxb8 {[%emt 0:00:52]} 26. Rxb8 {[%emt 0:00:02]} Bd7 {[%emt 0:02:48]} 27. Na4 {[%emt 0:05:47]} Be7 {[%emt 0:01:01]} 28. Ne5 $36 {[%emt 0:00:36][%mdl 2048] White is in control.} Rd6 {[%emt 0:04:31]} (28... Be6 {was necessary.} 29. Rb6 (29. Nxc6 Bd6 $16) 29... Bd6) 29. Nc5 $18 {[%emt 0:00:09] Pair of Knights!} Be6 {[%emt 0:00:35]} 30. Nb7 {[%emt 0:00:08] Inhibits Rd8. Threatens to win with Re8.} f6 {[%emt 0:01:32] [#]} 31. Ng6 {[%emt 0:21:12] White is clearly winning.} Rd7 {[%emt 0:00:10] [#]} 32. Nc5 $1 {[%emt 0:00:06]} Bxc5 {[%emt 0:04:36]} 33. dxc5 {[%emt 0:00:07]} Rf7 {[%emt 0:00:19]} 34. f4 {[%emt 0:00:07][%cal Bf2f4,Bf4f5][%mdl 32] Strongly threatening f5.} f5 {[%emt 0:06:23]} (34... Bg4 $142 35. Re8 f5 36. Ne7+ Kh7 37. Nxc6 Nd7) 35. g4 {[%emt 0:00:11]} fxg4 {[%emt 0:01:03]} 36. f5 {[%emt 0:00:09]} Bd7 {[%emt 0:00:30]} 37. Rd8 {[%emt 0:00:08] Weighted Error Value: White=0.12 (very precise) /Black=0.44} 1-0